000 00544nam a2200181Ia 4500
005 20250326123505.0
008 250326s9999 xx 000 0 und d
037 _aTextbook
040 _aFMSL
_beng
_cFMSL
041 _aeng
_2eng
084 _aX:8D P2
_qFMSL
100 _aPrechter R R
_9735284
245 0 _aCoquer the crash you can survive and prosper in a deflationary depression
_cPrechter R R
260 _aNew Jersey
_bNew Jersey, John Wiley
_c2002
300 _a277p
942 _cTB
_hX:8D P2
999 _c1269587
_d1269587